000 01177nam a2200337 i 4500
001 000012702
003 DO-SdBNP
005 20250916150457.0
007 ta
008 091116s1986 dr a 000 f spa d
020 _a848400077X
040 _aDO-SdBNP
_bspa
_cBNPHU
_erda
041 _aspa
082 4 _aRD863.44
_bP936p 1986
_222
100 _aPrestol Castillo, Freddy,
_d1914-1981
_eautor
_4aut.
_922071
245 1 0 _aPablo mamá /
_cFreddy Prestol Castillo ; presentación, Miguel Ángel Prestol ; edición, Augusto Obando
250 _aSegunda edición
264 4 _aSanto Domingo, República Dominicana :
_bEditora Taller,
_c©1986.
300 _axxiii, 183 páginas :
_bilustraciones ;
_c20 cm.
336 _atexto
_btxt
_2rdacontent
337 _asin mediación
_bn
_2rdamedia
338 _avolumen
_bnc
_2rdacarrier
490 0 _aBiblioteca Taller ;
_v136
590 _aInventariado, 2020 /LP
650 4 _aNovela dominicana
_9223
650 4 _aLiteratura dominicana.
_967
700 1 _aPrestol, Miguel Ángel,
_epresentador
_4pr.
_96419
700 1 _aObando, Augusto,
_eeditor
_4ed.
_988207
910 _aValidado. Control de calidad BNPHU
942 _2ddc
_cLBS1
999 _c12353
_d12353